• 首页
  • 本馆介绍
  • 公告通知
  • 最新文献
  • 馆藏检索
  • 电子资源
  • 读者荐购
  • 参考咨询
  • CALIS
  • 我的图书馆
  • 登录
  • 详细信息显示
  • 放入我的书架
  • 预约/预借图书
  • 作者相关作品
  • 分类相关作品
  • 丛书相关作品
  • 出版社相关作品

书目信息

  • 表格格式
  • 工作单格式
  • 卡片格式
题名:
疗愈时代
    
 
作者: 杨苗 著
分册:  
出版信息: 广州   广东经济出版社  2025.02
页数: 234页
开本: 21cm
丛书名:
单 册:
中图分类: F713.50
科图分类:
主题词: 营销策略
电子资源:
ISBN: 978-7-5454-9386-3
 
 
 
 
 
000 00731nam0 2200229 450
001 013523646
005 20251022182613.13
010    @a978-7-5454-9386-3@dCNY55.00
100    @a20250327d2025 em y0chiy0110 ea
101 0  @achi
102    @aCN@b440000
105    @aa z 000yy
106    @ar
200 1  @a疗愈时代@9liao yu shi dai@b专著@e卖产品不如卖情绪@f杨苗著
210    @a广州@c广东经济出版社@d2025.02
215    @a234页@c图@d21cm
330    @a本书共五章,内容包括:疗愈时代到来、万物皆可疗愈、站上疗愈经济风口、能赚钱的疗愈方式、在疗愈经济中掘金。
606 0  @a营销策略
690    @aF713.50@v5
701  0 @a杨苗@9yang miao@c(出版工作)@4著
801  0 @aCN@c20250909
905    @a河南城建学院图书馆@dF713.50@eY236@ZY236@f1
    
    疗愈时代:卖产品不如卖情绪/杨苗著.-广州:广东经济出版社,2025.02
    234页:图;21cm
    
    
    ISBN 978-7-5454-9386-3:CNY55.00
    本书共五章,内容包括:疗愈时代到来、万物皆可疗愈、站上疗愈经济风口、能赚钱的疗愈方式、在疗愈经济中掘金。
●
相关链接 在E读中查询图书 在当当中查询图书 在豆瓣中查询图书


正题名:疗愈时代     索取号:F713.50/Y236         预约/预借

序号 登录号 条形码 馆藏地/架位号 状态 备注
1 1632005   216320050   社科库409/409社科库 43排7列4层/ [索取号:F713.50/Y236] 在馆    
河南城建学院图书馆 欢迎您!
大连网信软件有限公司© 版权所有